[Event "ch-RUS HL"]
[Site "Ulan Ude RUS"]
[Date "2009.09.03"]
[Round "2"]
[White "Inarkiev,E"]
[Black "Bocharov,D"]
[Result "1/2-1/2"]
[WhiteElo "2664"]
[BlackElo "2607"]

1.e4 d6 2.d4 Nf6 3.Nc3 c6 4.f4 Qa5 5.Bd3 e5 6.Nf3 exd4 7.Nxd4 g6 8.h3 Bg7
9.Be3 O-O 10.Qf3 Nbd7 11.O-O-O Qc7 12.g4 b5 13.e5 dxe5 14.Qxc6 Qb8 15.fxe5 Nxe5
16.Qxb5 Bb7 17.Rhe1 a6 18.Qb3 Nxd3+ 19.Rxd3 Re8 20.Kb1 Qc7 21.Nde2 Bf3 22.Qb6 Qxb6
23.Bxb6 Ne4 24.Rg1 Rac8 25.Bd4 Bxe2 26.Nxe2 Nf2 27.Bxf2 Rxe2 28.Be3 Rexc2
29.Rd8+ Rxd8 30.Kxc2 Rc8+ 31.Kb1 Re8 32.Rg3 Be5 33.Rf3 f6 34.b4 Kf7 35.Bc5 Rc8
36.Kc2 Ke6 37.Kb3 f5 38.Kc4 fxg4 39.hxg4 h5 40.gxh5 gxh5 41.Ra3 Ra8 42.Rh3 Rh8
43.Re3 h4 44.Bd4 Rh5 45.Kd3 Kd5 46.Bxe5 Rxe5 47.Rxe5+ Kxe5 48.Ke3 Kd5 49.a4 Kc4
50.b5 axb5 51.axb5 Kxb5 52.Kf4 Ka4 53.Kg4 Ka5 54.Kxh4  1/2-1/2

[Event "4th Kolkata Open"]
[Site "Kolkata IND"]
[Date "2009.09.05"]
[Round "5"]
[White "Satyapragyan,S"]
[Black "Gagunashvili,M"]
[Result "1/2-1/2"]
[WhiteElo "2439"]
[BlackElo "2564"]

1.e4 d6 2.d4 Nf6 3.Nc3 e5 4.Nf3 Nbd7 5.Bc4 Be7 6.O-O O-O 7.Re1 c6 8.a4 b6
9.h3 a6 10.Ba2 Rb8 11.Bg5 b5 12.axb5 axb5 13.b4 Re8 14.Rb1 Qc7 15.Bh4 h6
16.Bg3 Bf8 17.Nh4 Nb6 18.dxe5 dxe5 19.Qf3 Nc4 20.Red1 Be6 21.Nf5 Nd7 22.Nd4 Ndb6
23.Nxe6 Rxe6 24.Ne2 Rd8 25.Nc1 Rd2 26.Bb3 Rf6 27.Qg4 Rg6 28.Qf3 Rxd1+ 29.Qxd1 c5
30.Nd3 cxb4 31.Ra1 Re6 32.Kh2 Re8 33.Qe1 Qe7 34.f3 Rc8 35.Bf2 Na4 36.Bxa4 bxa4
37.Rxa4 Qe8 38.Ra7 Na3  1/2-1/2

[Event "TCh-SRB 1st League"]
[Site "Kragujevac SRB"]
[Date "2009.09.05"]
[Round "5"]
[White "Ivanisevic,I"]
[Black "Paunovic,D"]
[Result "1/2-1/2"]
[WhiteElo "2614"]
[BlackElo "2556"]

1.d4 d6 2.e4 Nf6 3.Nc3 e5 4.Nf3 Nbd7 5.Bc4 Be7 6.O-O O-O 7.Re1 c6 8.a4 a5
9.h3 h6 10.Be3 Nh7 11.Ba2 Ng5 12.Nd2 Ne6 13.dxe5 dxe5 14.Bxe6 fxe6 15.Nc4 Qc7
16.Qg4 Rf6 17.Red1 b5 18.axb5 cxb5 19.Nd6 Bxd6 20.Nxb5 Qc6 21.Nxd6 Kh7 22.Ra3 Rg6
23.Qh5 Ba6 24.c4 Rf8 25.Rxa5 Bxc4 26.Ra3 Bd5 27.exd5 Qxd6 28.Ra5 Nf6 29.Qe2 Nxd5
30.Qc2 Qd8 31.Ra4 Qe8 32.Rg4 Qf7 33.Bc5 Rc8 34.b4 Nf6 35.Rg3 e4 36.Rd6 Rxg3
37.fxg3 Qg6 38.g4 h5 39.gxh5 Nxh5 40.Qf2 Ng3 41.Kh2 Nf5 42.Rd7 Qg5 43.Rd1 Ra8
44.Re1 Ra2 45.Re2 e3 46.Qf3 Rxe2 47.Qxe2 Qf4+ 48.Kg1 Kg8 49.Qf3 Qe5 50.Qa8+ Kh7
51.Qf3 Qa1+ 52.Kh2 Qe5+ 53.Kg1 Kh6 54.Qe2 Qa1+ 55.Qf1 Qe5 56.Qe1 g5 57.Qb1 Qg3
58.Qf1 Qe5 59.Qe1 Nd4 60.Qf1 Nf5 61.Qb1 Qg3 62.Qf1 Qe5 63.g4 e2 64.Qe1 Nd4
65.Bxd4 Qxd4+ 66.Kg2 Qe3 67.b5 e5 68.b6 Qxb6 69.Qxe2 Qc6+ 70.Qf3 Qe6 71.Qe3 Kg6
72.Qe4+ Kf6 73.Qf3+ Ke7 74.Qb7+ Qd7 75.Qe4 Qd2+ 76.Kf3 Kd6 77.Qf5 Qc3+ 78.Ke2 Qc4+
79.Ke3  1/2-1/2

[Event "2nd WTeam w"]
[Site "Ningbo CHN"]
[Date "2009.09.05"]
[Round "4"]
[White "Nadig,K"]
[Black "Khukhashvili,S"]
[Result "0-1"]
[WhiteElo "2273"]
[BlackElo "2451"]

1.e4 d6 2.d4 Nf6 3.Nc3 e5 4.Nf3 Nbd7 5.Bc4 Be7 6.O-O O-O 7.Re1 c6 8.a4 h6
9.b3 Re8 10.Ba3 Qc7 11.Qd2 Nf8 12.d5 Ng6 13.b4 Rd8 14.Bb3 Nf4 15.Rad1 Bg4
16.Qe3 a6 17.Rb1 Nh7 18.h3 Bh5 19.Kh2 Rac8 20.g4 Bg6 21.Bb2 Qd7 22.Rbd1 cxd5
23.Nxd5 Nxd5 24.Rxd5 Nf6 25.Rdd1 Qc7 26.g5 Nxe4 27.gxh6 Nc3 28.Rd2 e4 29.Bxc3 Qxc3
30.Bd5 Bf6 31.Nd4 Qxb4 32.hxg7 Kxg7 33.Rg1 Be5+ 34.Kh1 Rh8 35.Nf5+ Kf8 36.Qg5 Rxh3+
37.Kg2 Rh2+ 38.Kf1 Re8 39.Ng3 e3 40.Qxe3 Bxg3  0-1

[Event "6th LGA Premium Cup"]
[Site "Nuernberg GER"]
[Date "2009.09.05"]
[Round "4"]
[White "Wagner,De"]
[Black "Grasser,S"]
[Result "1-0"]
[WhiteElo "2061"]
[BlackElo "1820"]

1.e4 d6 2.d4 Nf6 3.Nc3 c6 4.f4 Qc7 5.Nf3 Bg4 6.h3 Bxf3 7.Qxf3 e5 8.Be3 Nbd7
9.O-O-O b5 10.g4 h6 11.dxe5 dxe5 12.g5 hxg5 13.fxg5 Nh5 14.Nxb5 cxb5 15.Bxb5 O-O-O
16.Qxf7 Ng3 17.Rhg1 Nxe4 18.Rxd7 Rxd7 19.Bxd7+ Qxd7 20.Qc4+ Bc5 21.Qxe4 Bxe3+
22.Qxe3 Rxh3 23.Qxe5 Rh8 24.Rd1 Qf7 25.b3 Re8 26.Qc5+ Kb8 27.Qb5+ Kc8 28.Qc6+ Kb8
29.Rd7 Qf4+ 30.Kb2 Qe5+ 31.c3 Qe2+ 32.Ka3 Qa6+ 33.Qxa6  1-0

[Event "6th LGA Premium Cup"]
[Site "Nuernberg GER"]
[Date "2009.09.05"]
[Round "4"]
[White "Georgiev,Vl"]
[Black "Eisenbeiser,A"]
[Result "1-0"]
[WhiteElo "2530"]
[BlackElo "2390"]

1.d4 d6 2.e4 Nf6 3.Nc3 e5 4.Nf3 Nbd7 5.Bc4 Be7 6.O-O O-O 7.Re1 a6 8.a4 b6
9.Ne2 Rb8 10.Ng3 b5 11.axb5 axb5 12.Bd3 g6 13.b3 Re8 14.Bb2 Bf8 15.Ra2 c6
16.Qa1 Qc7 17.c4 bxc4 18.Bxc4 Bg7 19.dxe5 Nxe5 20.Nxe5 dxe5 21.Bc3 Qe7 22.h3 Nd7
23.Ra7 Rb7 24.Rxb7 Bxb7 25.Qa7 Nf8 26.Qb6 Qd7 27.Ra1 Ra8 28.Rxa8 Bxa8 29.Qb8 Bb7
30.Bxe5 Qc8 31.Qd6 Bxe5 32.Qxe5 Ba6 33.Bxa6 Qxa6 34.Qc3 Qb5 35.Nf1 Ne6 36.Ne3 h5
37.Nc4 Qc5 38.Qf6 Qg5 39.Qxg5 Nxg5 40.f3 Kf8 41.Ne5 Ke7 42.Nxc6+ Kd6 43.Nd8 Kc7
44.h4 Nxf3+ 45.gxf3 Kxd8 46.Kf2 f6 47.f4 Kd7 48.Ke3  1-0

[Event "ch-RUS HL"]
[Site "Ulan Ude RUS"]
[Date "2009.09.05"]
[Round "4"]
[White "Najer,E"]
[Black "Khairullin,I"]
[Result "1/2-1/2"]
[WhiteElo "2681"]
[BlackElo "2604"]

1.e4 d6 2.d4 Nf6 3.Nc3 e5 4.Nf3 Nbd7 5.Bc4 Be7 6.O-O O-O 7.a4 a6 8.a5 h6
9.b3 Re8 10.Bb2 Bf8 11.Re1 exd4 12.Nxd4 Ne5 13.Bf1 c5 14.Nf5 Nc6 15.Ng3 Bd7
16.Qd2 Nb4 17.Na4 Bxa4 18.Rxa4 d5 19.Bxf6 Qxf6 20.c3 Nc6 21.exd5 Rxe1 22.Qxe1 Ne7
23.Bd3 g6 24.c4 Nc8 25.Ne4 Qd4 26.Qe3 Qxe3 27.fxe3 f5 28.Nd2 Bg7 29.e4 Bc3
30.Nf3 fxe4 31.Bxe4 Kg7 32.Ra2 Nd6 33.Bd3 g5 34.Re2 Re8 35.Rxe8 Nxe8 36.g4 Nd6  1/2-1/2

[Event "4th Xtracon Skovbo"]
[Site "Borup DEN"]
[Date "2009.09.06"]
[Round "4"]
[White "Jakobsen,Ol"]
[Black "Preuss,F"]
[Result "1/2-1/2"]
[WhiteElo "2344"]
[BlackElo "2063"]

1.d4 d6 2.e4 Nf6 3.Nc3 e5 4.Nf3 Nbd7 5.Bc4 Be7 6.O-O c6 7.a4 O-O 8.Re1 b6
9.d5 Bb7 10.dxc6 Bxc6 11.Nd5 Nxd5 12.Bxd5 Bxd5 13.Qxd5 Rc8 14.c4 Qc7 15.b3 Qc6
16.Qxc6 Rxc6 17.Ba3 f6 18.Nd2 Kf7 19.Kf1 Ke6 20.Ke2 g6 21.Kd3 f5 22.f3 Bg5
23.Nb1 fxe4+ 24.Rxe4 Nf6 25.Re1 Nh5 26.Ke2 Nf4+ 27.Kf1 Nd3 28.Rd1 Nc5 29.Bxc5 bxc5
30.Nc3 Be3  1/2-1/2

[Event "4th Xtracon Skovbo"]
[Site "Borup DEN"]
[Date "2009.09.06"]
[Round "4"]
[White "Eriksson,C"]
[Black "Shoker,S"]
[Result "0-1"]
[WhiteElo "2159"]
[BlackElo "2488"]

1.e4 d6 2.d4 Nf6 3.Nc3 c6 4.f4 Qa5 5.Bd3 e5 6.Nf3 Bg4 7.fxe5 dxe5 8.dxe5 Nfd7
9.e6 fxe6 10.h3 Qh5 11.Be3 Ne5 12.Be2 Bxf3 13.Bxf3 Qh4+ 14.Bf2 Qf4 15.Qe2 Bb4
16.Be3 Qh4+ 17.Bf2 Qf4 18.Be3 Qg3+ 19.Bf2 Nxf3+ 20.gxf3 Qe5 21.O-O-O Bxc3
22.bxc3 O-O 23.Bd4 Qf4+ 24.Kb1 Qxf3 25.Rhg1 g6 26.Qc4 Qxe4 27.Rde1 Qd5 28.Qxd5 cxd5
29.Rxe6 Nc6 30.Rge1 Rad8 31.h4 Rf5 32.Re8+ Rxe8 33.Rxe8+ Kf7 34.Rc8 Ke6 35.Rc7 Nxd4
36.cxd4 Rf7 37.Rc8 Kf5 38.c4 dxc4 39.Rxc4 Ke4 40.Kc2 Kd5 41.Rb4 h6 42.a4 b6
43.a5 bxa5 44.Ra4 Rf6 45.Rxa5+ Kxd4 46.Rxa7 Ke3 47.h5 g5 48.Rg7 Kf4 49.Kd2 Kf5
50.Rg8 Rb6  0-1

[Event "31st ch-NY-State"]
[Site "Colonie USA"]
[Date "2009.09.06"]
[Round "4"]
[White "Benjamin,Joe"]
[Black "Barsky,S"]
[Result "1-0"]
[WhiteElo "2575"]
[BlackElo "2087"]

1.e4 d6 2.d4 Nf6 3.Nc3 Nbd7 4.g4 h6 5.h3 c6 6.Bg2 e5 7.Nge2 Be7 8.Be3 Qc7
9.Qd2 a6 10.Ng3 b5 11.Nf5 Bf8 12.O-O-O g6 13.dxe5 gxf5 14.exf6 fxg4 15.hxg4 Bb7
16.Bxh6 Bxh6 17.Rxh6 O-O-O 18.Rxh8 Rxh8 19.g5 b4 20.Ne2 Rh2 21.Nf4 a5 22.Bh3 Kb8
23.Bxd7  1-0

[Event "TCh-SRB 1st League"]
[Site "Kragujevac SRB"]
[Date "2009.09.06"]
[Round "6"]
[White "Mihalj,M"]
[Black "Tadic,Br"]
[Result "0-1"]
[WhiteElo "2297"]
[BlackElo "2532"]

1.e4 d6 2.d4 Nf6 3.Nc3 e5 4.Nf3 Nbd7 5.Bc4 Be7 6.O-O O-O 7.Re1 a6 8.a4 b6
9.b3 Bb7 10.Bb2 c6 11.Bf1 b5 12.dxe5 dxe5 13.axb5 axb5 14.Rxa8 Bxa8 15.Qa1 Re8
16.Na2 Bd6 17.Nc1 Qb8 18.Nd3 c5 19.Nd2 Bc6 20.g3 Qb7 21.Bg2 Nf8 22.Bxe5 Be7
23.Bb2 Ng6 24.Qd1 h5 25.Qe2 h4 26.Qf1 Bf8 27.e5 Nd5 28.f4 c4 29.bxc4 bxc4
30.Nxc4 h3 31.Be4 Ndxf4 32.Bxc6 Qxc6 33.Nxf4 Bc5+ 34.Ne3 Nxf4 35.gxf4 Qg6+
36.Kf2 Qg4 37.Qh1 Rb8 38.Qf3 Qf5 39.Bc1 Qxc2+ 40.Kg3 Bxe3 41.Bxe3 Rb2 42.Bf2 Rb3
43.Re3 Rb6 44.f5 Rh6 45.Qe4 Qd1 46.Rd3 Qc1 47.Be3 Qe1+  0-1

[Event "FSIMB September"]
[Site "Budapest HUN"]
[Date "2009.09.07"]
[Round "3"]
[White "Kahn,E"]
[Black "Zalkind,K"]
[Result "1/2-1/2"]
[WhiteElo "2245"]
[BlackElo "2107"]

1.d4 d6 2.e4 Nf6 3.Nc3 e5 4.Nf3 Nbd7 5.Bc4 Be7 6.O-O O-O 7.h3 c6 8.a4 a5
9.Re1 Qc7 10.Be3 h6 11.Bb3 Re8 12.Qd2 Bf8 13.Nh4 Nb6 14.Ng6 Be6 15.Nxf8 Rxf8
16.dxe5 dxe5 17.Bxh6 gxh6 18.Qxh6 Nh7 19.Re3 Kh8 20.Bxe6 fxe6 21.Qxe6 Rf6
22.Qb3 Raf8  1/2-1/2

[Event "XIX EYCC Boys U16"]
[Site "Fermo ITA"]
[Date "2009.09.07"]
[Round "7"]
[White "Schnegg,D"]
[Black "Juhasz,Kr"]
[Result "0-1"]
[WhiteElo "2092"]
[BlackElo "2268"]

1.e4 d6 2.d4 Nf6 3.Nc3 e5 4.Nf3 Nbd7 5.Bc4 Be7 6.O-O O-O 7.Re1 a6 8.a4 b6
9.b3 Bb7 10.Bb2 c6 11.Bd3 g6 12.Qd2 Re8 13.Rad1 Qc7 14.Qh6 Bf8 15.Qg5 Bg7
16.dxe5 dxe5 17.Bf1 h6 18.Qe3 Bf8 19.h3 Kh7 20.Bc1 b5 21.g4 Ng8 22.Nh4 Rad8
23.Qf3 Nc5 24.Be3 Ne6 25.axb5 axb5 26.Rxd8 Nxd8 27.Rd1 Kg7 28.Qg3 Ne6 29.Nf3 f6
30.h4 g5 31.hxg5 hxg5 32.Nd4 exd4  0-1

[Event "XIX EYCC Girls U16"]
[Site "Fermo ITA"]
[Date "2009.09.07"]
[Round "7"]
[White "Bukhteeva,V"]
[Black "Perera Borrego,M"]
[Result "1-0"]
[WhiteElo "2175"]
[BlackElo "1969"]

1.e4 d6 2.d4 Nf6 3.Nc3 e5 4.Nf3 Nbd7 5.Bc4 Be7 6.O-O O-O 7.Re1 c6 8.a4 b6
9.Ba2 a6 10.Nh4 Nxe4 11.Nxe4 Bxh4 12.dxe5 dxe5 13.Qh5 Qe7 14.g4 g6 15.Qh6 Bf6
16.Ng5 Bxg5 17.Bxg5 Qb4 18.Qh4 Re8 19.Bxf7+ Kxf7 20.Qxh7+ Ke6 21.Qxg6+ Nf6
22.Qxf6+ Kd5 23.Rad1+  1-0

[Event "XIX EYCC Boys U18"]
[Site "Fermo ITA"]
[Date "2009.09.07"]
[Round "7"]
[White "Jendrichovsky,P"]
[Black "Bebel,A"]
[Result "1/2-1/2"]
[WhiteElo "2147"]
[BlackElo "2276"]

1.e4 d6 2.d4 Nf6 3.Nc3 e5 4.Nf3 Nbd7 5.Bc4 Be7 6.O-O O-O 7.Re1 c6 8.a4 b6
9.d5 Bb7 10.b3 Rc8 11.Re2 Nc5 12.dxc6 Bxc6 13.Nd2 Ne6 14.Nb5 Qd7 15.Bxe6 fxe6
16.Nc4 Nxe4 17.Nxe5 dxe5 18.Qxd7 Bxd7 19.Rxe4 Rxc2 20.Be3 Rb2 21.Nxa7 Rxb3
22.Rc4 Rd8 23.Nc6 Bxc6 24.Rxc6 Ra3 25.Rb1 Rd6 26.Rc8+ Kf7 27.g3 Rxa4 28.Bxb6 Rd7
29.Be3 h5 30.h4 Bf6 31.Kg2 Ra5 32.Rh8 Kg6 33.Rbb8 Rd1 34.Rhc8 Raa1 35.Rc4 Ra6
36.Re8 Rda1 37.Kf3 R1a3 38.Re4 Kf7 39.Rh8 Kg6 40.Re8 Kf7 41.Rh8  1/2-1/2

[Event "XXXII Banicky kahanec"]
[Site "Prievidza CZE"]
[Date "2009.09.07"]
[Round "4"]
[White "Csiba,D"]
[Black "Michalik,P"]
[Result "0-1"]
[WhiteElo "2353"]
[BlackElo "2439"]

1.e4 d6 2.d4 Nf6 3.Nc3 e5 4.Nf3 Nbd7 5.Bc4 Be7 6.O-O O-O 7.Re1 c6 8.a4 b6
9.b3 Qc7 10.Bb2 Bb7 11.Bd3 a6 12.Ne2 b5 13.Ng3 Rfe8 14.c4 exd4 15.Bxd4 c5
16.Bc3 b4 17.Bb2 Bf8 18.Qc2 g6 19.Nd2 h5 20.Ngf1 Ng4 21.f4 Bh6 22.g3 Re6
23.h3 Ngf6 24.Ne3 Rae8 25.Nd5 Nxd5 26.cxd5 Bxd5 27.exd5 Rxe1+ 28.Rxe1 Rxe1+
29.Kf2 Re7 30.Bxg6 h4 31.Bxf7+ Rxf7 32.Qg6+ Bg7 33.Bxg7 Rxg7 34.Qe6+ Kf8
35.Ne4 hxg3+ 36.Kg2 Qd8 37.Qf5+ Rf7 38.Qh5 Nf6 39.Qh6+ Ke7 40.Ng5 Qa8 41.Kxg3 Qxd5  0-1

[Event "ch-RUS HL"]
[Site "Ulan Ude RUS"]
[Date "2009.09.07"]
[Round "6"]
[White "Sek,K"]
[Black "Yudin,S"]
[Result "1/2-1/2"]
[WhiteElo "2420"]
[BlackElo "2599"]

1.e4 d6 2.d4 Nf6 3.Nc3 c6 4.f4 Qa5 5.Bd3 e5 6.Nf3 exd4 7.Nxd4 g6 8.O-O Bg7
9.h3 Nbd7 10.Be3 O-O 11.Qf3 Qc7 12.Rad1 Re8 13.g4 h6 14.Nde2 b5 15.Ng3 b4
16.Nce2 Bb7 17.h4 c5 18.g5 hxg5 19.hxg5 Nh7 20.b3 Nb6 21.f5 c4 22.bxc4 Nxc4
23.Bxc4 Qxc4 24.f6 Bf8 25.Qg4 Re5 26.Rf2 Qxc2 27.Rc1 Qd3 28.Bf4 Rxe4 29.Nxe4 Bxe4
30.Ng3 Bb7 31.Rd2 Qb5 32.Re1 d5 33.Qh4 Bc5+ 34.Be3 Qc4 35.Qh6 Bf8 36.Qh3 Bc8
37.Qg2 Be6 38.Ne2 Qh4 39.Red1 Bh3 40.Qg3 Qxg3+ 41.Nxg3 Be6 42.Rc1 a5 43.Ne2 a4
44.Nd4 Bg4 45.Kf2 Re8 46.Nc6 Bf5 47.Rxd5 b3 48.axb3 axb3 49.Rb5 Ba3 50.Rxb3 Bxc1
51.Ne7+ Kh8 52.Bxc1 Bc2 53.Rc3 Bb1 54.Rb3 Bc2 55.Rc3  1/2-1/2

[Event "ch-RUS HL"]
[Site "Ulan Ude RUS"]
[Date "2009.09.07"]
[Round "6"]
[White "Popov,Iv RUS"]
[Black "Khairullin,I"]
[Result "1/2-1/2"]
[WhiteElo "2582"]
[BlackElo "2604"]

1.e4 d6 2.d4 Nf6 3.Nc3 e5 4.dxe5 dxe5 5.Qxd8+ Kxd8 6.Bg5 Be6 7.g3 Kc8 8.f4 Bb4
9.Bd3 Ne8 10.fxe5 h6 11.Bf4 g5 12.Be3 Nd7 13.Nf3 Bf8 14.Bd4 Bg7 15.Nd5 g4
16.Nh4 Bxe5 17.c3 Nef6 18.Nf4 Re8 19.O-O c6 20.Nxe6 Rxe6 21.Nf5 Kc7 22.Be3 Bd6
23.Nxd6 Kxd6 24.Bxh6 Ne5 25.Bc2 Nf3+ 26.Rxf3 gxf3 27.e5+ Rxe5 28.Bf4 Ng4
29.Bxe5+ Nxe5 30.Kf2 Ke6 31.Rd1 f5 32.h4 c5 33.Rd2 Rg8 34.Rd1 f4 35.Rg1 Rg4
36.gxf4 Rxf4 37.Rh1 Rg4 38.Bd1 Rg2+ 39.Ke3 f2 40.Rf1 Rh2 41.Be2 Rxh4  1/2-1/2

[Event "XIX EYCC Boys U16"]
[Site "Fermo ITA"]
[Date "2009.09.08"]
[Round "8"]
[White "Nakar,Ey"]
[Black "Arribas Lopez,A"]
[Result "1-0"]
[WhiteElo "2242"]
[BlackElo "2429"]

1.e4 d6 2.d4 Nf6 3.Nc3 Nbd7 4.Nge2 e5 5.g3 Be7 6.Bg2 c6 7.a4 a5 8.O-O O-O
9.h3 Re8 10.Re1 Bf8 11.g4 exd4 12.Nxd4 Nc5 13.Bf4 Nfd7 14.Bg3 Ne5 15.f4 Ng6
16.Kh2 h6 17.Qd2 Be7 18.Rad1 Qb6 19.b3 Qb4 20.Nb1 Bd7 21.Qxb4 axb4 22.Nd2 Rad8
23.Nc4 Bf8 24.Nf5 Bxf5 25.gxf5 Nh8 26.Bf2 Be7 27.Na5 g6 28.f6 Bxf6 29.e5 Bg7
30.exd6 Rxe1 31.Rxe1 b6 32.Bxc5 bxc5 33.Nb7 Rb8 34.d7  1-0

[Event "TCh-SRB 1st League"]
[Site "Kragujevac SRB"]
[Date "2009.09.08"]
[Round "7"]
[White "Perunovic,Mil"]
[Black "Paunovic,D"]
[Result "1/2-1/2"]
[WhiteElo "2572"]
[BlackElo "2556"]

1.e4 d6 2.d4 Nf6 3.Nc3 e5 4.Nf3 Nbd7 5.Bc4 Be7 6.O-O O-O 7.Re1 c6 8.a4 a5
9.h3 Nb6 10.Ba2 Nfd7 11.Be3 exd4 12.Bxd4 Nc5 13.Bxc5 dxc5 14.Qe2 Qd6 15.Rad1 Qh6
16.Ne5 Be6 17.Nc4 Nxc4 18.Bxc4 Rad8 19.Nb1 Bd6 20.Nd2 Bc7 21.Nf3 Bc8 22.e5 Rfe8
23.Qe4 Qh5 24.Rxd8 Bxd8 25.Qe3 b6 26.Qb3 Qg6 27.Bd3 Qe6 28.Bc4 Qg6 29.Bd3 Qe6
30.Bc4 Qg6  1/2-1/2

[Event "TCh-SRB 1st League"]
[Site "Kragujevac SRB"]
[Date "2009.09.08"]
[Round "7"]
[White "Kovacevic,A"]
[Black "Laketic,G"]
[Result "1/2-1/2"]
[WhiteElo "2562"]
[BlackElo "2479"]

1.e4 d6 2.d4 Nf6 3.Nc3 e5 4.Nf3 Nbd7 5.Bc4 Be7 6.O-O O-O 7.Re1 c6 8.a4 a5
9.h3 Nb6 10.Bf1 exd4 11.Nxd4 d5 12.exd5 Nbxd5 13.Nxd5 Nxd5 14.c3 Bf6  1/2-1/2

[Event "4th Xtracon Skovbo"]
[Site "Borup DEN"]
[Date "2009.09.11"]
[Round "6"]
[White "Teplyi,I"]
[Black "Preuss,F"]
[Result "1-0"]
[WhiteElo "2284"]
[BlackElo "2063"]

1.e4 d6 2.d4 Nf6 3.Nc3 e5 4.Nf3 Nbd7 5.Bc4 Be7 6.O-O O-O 7.Re1 c6 8.a4 b6
9.Ba2 a6 10.Bg5 Rb8 11.Qe2 b5 12.axb5 axb5 13.b4 Qb6 14.Red1 Re8 15.h3 Bf8
16.dxe5 dxe5 17.Be3 Qc7 18.Ng5 Re7 19.Bxf7+ Rxf7 20.Ne6 Qb7 21.Ra7 Bxb4 22.Rxb7 Bxb7
23.Na2 Be7 24.c4 h6 25.c5 Nf8 26.Nxf8 Bxf8 27.Qc2 Ra8 28.Qb3 g5 29.Nb4 Kg7
30.Nd3 Re8 31.f3 Bc8 32.Qc3 Nd7 33.Ra1 Be7 34.Ra7 Bf6 35.Nb4 Nb8 36.Rxf7+ Kxf7
37.Qa1 Bd7 38.Qa7 Ke6 39.Qa2+ Ke7 40.Qa7 Ke6 41.Kf1 h5 42.g4 hxg4 43.hxg4 Ke7
44.Qc7 Rc8 45.Qd6+ Kf7 46.Nd3 Re8 47.Bxg5  1-0

[Event "FSIMB September"]
[Site "Budapest HUN"]
[Date "2009.09.13"]
[Round "9"]
[White "Szalanczy,E"]
[Black "Zalkind,K"]
[Result "1-0"]
[WhiteElo "2354"]
[BlackElo "2107"]

1.e4 d6 2.d4 Nf6 3.Nc3 e5 4.Nf3 Nbd7 5.Bc4 Be7 6.O-O O-O 7.a4 a5 8.h3 c6
9.Be3 Qc7 10.Ba2 h6 11.Nh4 Re8 12.Ng6 Nf8 13.Nxe7+ Qxe7 14.Qf3 Ng6 15.Rad1 Kh7
16.Rfe1 Bd7 17.Bb3 Rac8 18.Rd2 b5 19.axb5 cxb5 20.Nd5 Nxd5 21.Bxd5 Be6 22.Bxe6 fxe6
23.Red1 Rf8 24.Qg4 Qf6 25.c3 b4 26.cxb4 axb4 27.d5 exd5 28.Rxd5 Rc6 29.Qd7 Rfc8
30.Rxd6 Rxd6 31.Rxd6 Qf8 32.Rb6 Nf4 33.g3 Ng6 34.Kg2 Rc2 35.b3 Rb2 36.h4  1-0

[Event "Quality Chess Int"]
[Site "Edinburgh SCO"]
[Date "2009.09.14"]
[Round "3"]
[White "Tate,A"]
[Black "Berry,N"]
[Result "1/2-1/2"]
[WhiteElo "2175"]
[BlackElo "2301"]

1.e4 d6 2.d4 Nf6 3.Nc3 e5 4.Nf3 Nbd7 5.Bc4 Be7 6.O-O O-O 7.a4 c6 8.Ba2 b6
9.Re1 a6 10.h3 Rb8 11.d5 c5 12.Bc4 Ne8 13.Ra3 g6 14.Bh6 Ng7 15.Qe2 Ra8 16.Qd2 Nf6
17.Be3 Nfe8 18.Bh6 Nf6 19.Rb3 Kh8 20.Qc1 Ng8 21.Bd2 Bd7 22.Ra3 Qc8 23.Rb3 Rb8
24.Qd1 f5 25.Qe2 fxe4 26.Bxa6 Qd8 27.Nxe4 Bxa4 28.Rc3 Nf6 29.Nxf6 Bxf6 30.Bd3 Bd7
31.Be4 Ra8 32.Bh6 Rf7 33.Bxg7+ Kxg7 34.Re3 Bg5 35.Rb3 b5 36.Rd3 b4 37.Rdd1 Bf5
38.Ra1 Rfa7 39.Rxa7+ Rxa7 40.Qd3 Bd7 41.Qf1 Bf5 42.Bd3 Qa8 43.Bc4  1/2-1/2

[Event "7th ch-Mediterranean"]
[Site "Rijeka CRO"]
[Date "2009.09.16"]
[Round "8"]
[White "Zorko,Ju"]
[Black "Golubovic,B"]
[Result "1/2-1/2"]
[WhiteElo "2430"]
[BlackElo "2381"]

1.e4 d6 2.d4 Nf6 3.Nc3 e5 4.Nge2 exd4 5.Nxd4 Be7 6.g3 d5 7.e5 Ng4 8.Bg2 Nxe5
9.Nxd5 Bg4 10.Qd2 O-O 11.h3 Bc8 12.Qc3 Nbc6 13.Nxc6 Nxc6 14.Bf4 Bd6 15.O-O-O Be6
16.Kb1 Qb8 17.Rhe1 Bxd5 18.Bxd6 Bxg2 19.Bxf8 Qxf8 20.g4 Re8 21.f3 h6 22.Re3 Bxh3
23.Rh1 Bg2 24.Rg1 Bh3 25.f4 Rxe3 26.Qxe3 Bxg4 27.Rxg4 Qd6 28.Rg1 Qd4 29.Qg3 Ne7
30.Re1 Nf5 31.Qf3 c6 32.a3 g6 33.Re4 Qg1+ 34.Ka2 Qc5 35.Qb3 b5 36.c3 a5 37.Re5 Qf2
38.c4 Qxf4 39.Re8+ Kh7 40.cxb5 Nd6 41.Rd8  1/2-1/2

[Event "7th ch-Mediterranean"]
[Site "Rijeka CRO"]
[Date "2009.09.17"]
[Round "9"]
[White "Yilmaz,M"]
[Black "Golubovic,B"]
[Result "1-0"]
[WhiteElo "2475"]
[BlackElo "2381"]

1.e4 d6 2.d4 Nf6 3.Nc3 e5 4.Nf3 Nbd7 5.Bc4 Be7 6.O-O O-O 7.a4 c6 8.Ba2 a5
9.Qe2 exd4 10.Nxd4 Nc5 11.Rb1 Qb6 12.Nb3 Nxb3 13.Bxb3 Bg4 14.Qd3 Rfe8 15.Qg3 Rad8
16.Be3 Qc7 17.f3 Be6 18.Bxe6 fxe6 19.Ne2 Bf8 20.Qf2 Nd7 21.f4 d5 22.e5 b6
23.b3 Bc5 24.Rbd1 Bxe3 25.Qxe3 b5 26.axb5 cxb5 27.Nd4 Qb6 28.Kh1 Rc8 29.Qh3 Nc5
30.f5 exf5 31.Nxf5 Rcd8 32.Nd6 Rxe5 33.Nf7 Ree8 34.Nxd8 Rxd8 35.Rxd5 Rxd5
36.Qf3 h6 37.Qxd5+ Kh7 38.Rf5 Ne6 39.Qxb5 Qe3 40.Qd3  1-0

[Event "7th ch-Mediterranean"]
[Site "Rijeka CRO"]
[Date "2009.09.17"]
[Round "9"]
[White "Fakhiridou,E"]
[Black "Milliet,S"]
[Result "1-0"]
[WhiteElo "2253"]
[BlackElo "2407"]

1.e4 d6 2.d4 Nf6 3.Nc3 e5 4.Nf3 Nbd7 5.Bc4 Be7 6.O-O c6 7.a4 a5 8.Re1 O-O
9.b3 Nb6 10.Bf1 exd4 11.Nxd4 d5 12.e5 Ne8 13.Bd3 g6 14.Bb2 Ng7 15.f4 Nd7
16.Bf1 Nc5 17.Qf3 Nce6 18.Nxe6 fxe6 19.Bd3 b6 20.Ne2 Ba6 21.Bxa6 Rxa6 22.Red1 c5
23.c4 d4 24.Rd3 Ra7 25.Rf1 Qa8 26.Bc1 Qxf3 27.Rfxf3 Bd8 28.Ng3 Raf7 29.Ne4 Be7
30.Kf2 Nf5 31.g3 Kg7 32.Ke2 Bd8 33.Rf1 h6 34.Rff3 Bc7 35.Bd2 g5 36.fxg5 h5
37.Bf4 Ne3 38.Nf6 Kg6 39.Bxe3 dxe3 40.Rdxe3 Rd8 41.h4 Rd4 42.Rf4 Rf8 43.Nxh5 Rh8
44.g4  1-0

[Event "Quality Chess Int"]
[Site "Edinburgh SCO"]
[Date "2009.09.18"]
[Round "7"]
[White "Andersen,Mad"]
[Black "Berry,N"]
[Result "0-1"]
[WhiteElo "2338"]
[BlackElo "2301"]

1.e4 d6 2.d4 Nf6 3.Nc3 e5 4.dxe5 dxe5 5.Qxd8+ Kxd8 6.Bg5 Be6 7.O-O-O+ Nd7
8.f4 exf4 9.Nf3 h6 10.Bxf4 Bc5 11.Nd4 Ng4 12.Nxe6+ fxe6 13.Bc4 Ke7 14.Rde1 c6
15.h3 Rhf8 16.Bd2 Nge5 17.Bb3 Rf2 18.Re2 Raf8 19.Rhe1 b5 20.Nd1 Rxe2 21.Rxe2 Rf1
22.a4 a6 23.axb5 axb5 24.Bc3 Bd6 25.Rf2 Rg1 26.Bd4 Bc5 27.Bxc5+ Nxc5 28.Re2 Nxb3+
29.cxb3 Nd3+ 30.Kd2 Nf4 31.Rf2 Rxg2 32.Ke3 Rxf2 33.Nxf2 e5 34.b4 h5 35.Kf3 g5
36.Ke3 Kd6 37.Kd2 c5 38.Kc3 Ne2+ 39.Kd2 Nf4 40.Kc3 c4 41.b3 Ne2+ 42.Kb2 Kc6
43.Kb1 cxb3 44.Kb2 Nd4  0-1

[Event "TCh-SRB w"]
[Site "Pozarevac SRB"]
[Date "2009.09.18"]
[Round "5"]
[White "Nikolic,Mila"]
[Black "Stojanovic,Andj"]
[Result "0-1"]
[WhiteElo "1963"]
[BlackElo "2323"]

1.e4 d6 2.d4 Nf6 3.Nc3 e5 4.Nge2 exd4 5.Nxd4 Be7 6.Bc4 O-O 7.O-O c6 8.a4 Nxe4
9.Nxe4 d5 10.Bd3 dxe4 11.Bxe4 Bf6 12.Nf3 Na6 13.c3 Nc5 14.Bc2 b6 15.Be3 Ba6
16.Re1 Ne6 17.Qxd8 Bxd8 18.Rad1 c5 19.Be4 Rc8 20.Rd7 Rc7 21.Red1 Bc8 22.R7d2 Bf6
23.h3 Re8 24.Bc2 g6 25.Bb3 c4 26.Bc2 Bb7 27.Nd4 Nxd4 28.Bxd4 Bg5 29.Be3 Bxe3
30.fxe3 Rxe3 31.Rd7 Rxd7 32.Rxd7 Bxg2 33.Bxg6 hxg6 34.Kxg2 Re2+ 35.Kg3 a6
36.Ra7 Rxb2 37.Rxa6 Rb3 38.Kg4 Kg7 39.h4 Kh6 40.Kf4 Kh5 41.Ke5 Rxc3 42.Rxb6 Ra3
43.Rb4 c3 44.Rc4 c2 45.Rxc2 Rxa4 46.Rh2  0-1

[Event "TCh-ROU Superliga"]
[Site "Eforie Nord ROU"]
[Date "2009.09.19"]
[Round "1"]
[White "Valeanu,E"]
[Black "Nevednichy,V"]
[Result "0-1"]
[WhiteElo "2457"]
[BlackElo "2601"]

1.e4 d6 2.d4 Nf6 3.Nc3 e5 4.Nf3 Nbd7 5.Bc4 Be7 6.O-O O-O 7.Re1 a6 8.a4 b6
9.b3 Bb7 10.d5 h6 11.Nd2 Nh7 12.Nf1 Bg5 13.Ba3 g6 14.Ne2 h5 15.a5 bxa5 16.Bc1 a4
17.b4 Nb6 18.Qd3 Bxc1 19.Rexc1 Nf6 20.Nc3 a5 21.b5 Nfd7 22.Ne3 Nc5 23.Qe2 Qg5
24.Bd3 Bc8 25.Nc4 f5 26.f3 Bd7 27.Qe3 Qxe3+ 28.Nxe3 f4 29.Nc4 g5 30.Nb2 Rfb8
31.Rcb1 g4 32.Be2 Kf7 33.Nbxa4 gxf3 34.gxf3 Rg8+ 35.Kf2 Bh3 36.Bf1 Bxf1 37.Rxf1 Ncxa4
38.Nxa4 Nc4 39.Rg1 Rab8 40.Nc3 Rxg1 41.Rxg1 Ne3 42.Ra1 Rg8 43.Rxa5 Rg2+ 44.Ke1 Nxc2+
45.Kf1 Ne3+ 46.Ke1 Rc2 47.Ne2 Rc5 48.Ra7 Kf6 49.Rb7 Nc4 50.Rb8 Kg5 51.Nc3 Ne3
52.Ne2 Kh4 53.b6 cxb6 54.Rxb6 Ra5 55.Nc3 Ra3 56.Nb5 Rb3 57.Rb7 Nc4 58.Kf2 Rb2+
59.Kg1 Na5 60.Rb8 Rb1+ 61.Kf2 Rb3 62.Kg2 Nc4 63.Rb7 Ne3+ 64.Kf2 Rb2+ 65.Ke1 Rxh2
66.Rg7 Nc4 67.Rg6 Rb2 68.Nxd6 Nxd6 69.Rxd6 Kg3 70.Re6 Kxf3 71.Rxe5 Ke3 72.Kd1 f3
73.Rf5 f2 74.e5 Rd2+ 75.Kc1 Rxd5  0-1

[Event "TCh-FIN 2009-10"]
[Site "Finland FIN"]
[Date "2009.09.19"]
[Round "1"]
[White "Fieandt,J"]
[Black "Koskinen,Hen"]
[Result "1/2-1/2"]
[WhiteElo "2185"]
[BlackElo "2297"]

1.d4 d6 2.e4 Nf6 3.Nc3 e5 4.Nf3 Nbd7 5.Bc4 Be7 6.O-O O-O 7.Re1 c6 8.a4 a5
9.h3 exd4 10.Nxd4 Nc5 11.Bf4 Be6 12.Nxe6 fxe6 13.Bxd6 Bxd6 14.e5 Nd5 15.exd6 Qxd6
16.Ne4 Nxe4 17.Rxe4 Rf4 18.Qe2 Rxe4 19.Qxe4 Rf8  1/2-1/2